| 000 | 00573nam a22001217a 4500 | ||
|---|---|---|---|
| 040 | _cRUA | ||
| 100 | _aLONG RAKSMEY,ឡុង រស្មី | ||
| 245 | _aCALCULATION OF MOUNTAIN VOLUME USING DRONE PPK TICHNOLOGY AND DGPS,ការគណនាមាឌភ្នំដោយប្រើប្រាស់បច្ចេកវិទ្យា DRONE PPK និងឧបករណ៍ DGPS | ||
| 260 |
_aphnom penh _brua _c2019 |
||
| 300 |
_ax.49p. _bill. _c29cm. |
||
| 856 | _uhttps://drive.google.com/file/d/1Bhf236FCxtNQE_QYpTQd9AgrO3redjqg/view?usp=share_link | ||
| 942 | _cLMA | ||
| 999 |
_c20502 _d20502 |
||